30 pays avec la façade maritime la plus longue - Statistiques

Statistiques générales
  • Ce quiz a été pris 244 fois
  • Le résultat moyen est 22 sur 30
Statistiques - réponses
Km Total Pays % Correct
19 924 États-Unis
99%
202 080 Canada
97%
37 653 Russie
97%
7 367 Brésil
95%
15 274 Chine
95%
25 760 Australie
94%
9 330 Mexique
94%
29 721 Japon
93%
6 435 Chili
92%
7 000 Inde
90%
80 281 Norvège
89%
4 989 Argentine
88%
12 429 Royaume-Uni
88%
54 716 Indonésie
86%
4 964 Espagne
84%
15 134 Nouvelle-Zélande
83%
7 914 Italie
79%
7 314 Danemark
74%
14 880 Grèce
73%
4 829 Madagascar
73%
36 289 Philippines
73%
8 333 Turquie
69%
4 675 Malaisie
66%
4 988 Islande
58%
3 735 Cuba
52%
5 152 Papouasie-Nouvelle-Guinée
47%
6 112 Micronésie
29%
5 835 Croatie
26%
5 313 Îles Salomon
21%
3 794 Estonie
9%
Aucun quiz correspondant
Distribution des résultats
% des personnes avec chaque résultat
Percentile par nombre de réponses
Votre historique - résultats
Vous n’avez pas pris ce quiz